000 00232nam a2200097Ia 4500
001 693306
005 20250826161911.0
008 250824s9999 xx 000 0 und d
245 0 _aDeniz Feneri
_cVirginia Woolf
260 _bİLETİŞİM
999 _c693306
_d693306